000 00611nam a2200241Ia 4500
003 OSt
005 20221006145357.0
006 a|||||r|||| 00| 0
007 ta
008 221006b |||||||| |||| 00| 0 eng d
020 _c
_6.95
024 _a14,640
037 _cTextual
040 _aEASL
_cEASL
_beng
041 _2eng
_aeng
082 _aO41,2N, L1
100 _aANSLEY Clive
_9435702
245 0 _aHeresy of Wu Han
260 _aToronto
_bUniversity of Toronto Press
_c1971
300 _a125p.
_ccm.
942 _hO41,2N, L1
_cTEXL
_2CC
999 _c1082726
_d1082726